El atlas de le monde diplomatique : el diplo /

Guardado en:
Autor Principal: Achcar, Gilbert
Formato: Libro
Publicado: París : Capital Intelectual, 2003
Materias:
Etiquetas: Agregar Etiqueta
Sin Etiquetas, Sea el primero en etiquetar este registro!
LEADER 00837nam a22002415a 4500
001 CEM.cems011235
005 20080401132151.0
008 130507s2003##################000#0#####d
003 CEMS
020 |a 987987319X 
082 0 4 |a 910.3 
100 1 |a Achcar, Gilbert 
245 1 0 |a El atlas de le monde diplomatique :  |b el diplo /  |c Director Gilbert Achcar 
260 |a París :  |b Capital Intelectual,  |c 2003 
300 |a 194 p. 
505 0 |a Globalización y fracturas -- Escenarios y actores 
653 |a Cultura 
653 |a Globalización 
653 |a Ecología 
653 |a Conflictos 
859 |a CEMS  |b BIB. CEMS - 11 de abril  |h 910.3  |i Ach46  |p 22124.03  |t Ej.1  |v 2003  |3 2003 
859 |a CEMS  |b BIB. CEMS - 11 de abril  |h 910.3  |i Ach46  |p 22229.03  |t Ej.2  |v 2003  |3 2003 
859 |a CEMS  |b BIB. CEMS - 11 de abril  |h 910.3  |i Ach46  |p 22446.04  |t Ej.3  |v 2003  |3 2003